[Event "ODJM A 2023"]
[Site "Willingen GER"]
[Date "2023.05.28"]
[Round "2"]
[White "Kieselbach, Jannik"]
[Black "Goldinov, Daniel"]
[Result "1-0"]
[Termination "normal"]
[Board "32"]
[WhiteElo "1765"]
[BlackElo "1880"]
[WhiteClock "00:01:27"]
[BlackClock "00:10:30"]
[PlyCount "73"]
[WhiteFideId "16246403"]
[BlackFideId "34605649"]
[EventCountry "GER"]
[EventRounds "9"]
[EventType "swiss"]
[EventDate "2023.05.27"]

1. e4 {[%clk 01:30:58]} {[%emt 00:00:01]} d6 {[%clk 01:29:13]} {[%emt
00:01:47]} 2. d4 {[%clk 01:31:18]} {[%emt 00:00:10]} Nf6 {[%clk 01:29:18]}
{[%emt 00:00:26]} 3. Nc3 {[%clk 01:31:38]} {[%emt 00:00:09]} g6 {[%clk
01:29:13]} {[%emt 00:00:35]} 4. f4 {[%clk 01:31:31]} {[%emt 00:00:37]} Bg7
{[%clk 01:29:29]} {[%emt 00:00:15]} 5. Nf3 {[%clk 01:31:29]} {[%emt 00:00:32]}
O-O {[%clk 01:29:39]} {[%emt 00:00:20]} 6. h3 {[%clk 01:30:53]} {[%emt
00:01:06]} c5 {[%clk 01:28:27]} {[%emt 00:01:42]} 7. dxc5 {[%clk 01:26:17]}
{[%emt 00:05:06]} Qa5 {[%clk 01:26:25]} {[%emt 00:02:32]} 8. Bd3 {[%clk
01:20:19]} {[%emt 00:06:27]} Qxc5 {[%clk 01:26:24]} {[%emt 00:00:32]} 9. Bd2
{[%clk 01:18:39]} {[%emt 00:02:10]} Nc6 {[%clk 01:23:21]} {[%emt 00:03:34]} 10.
Na4 {[%clk 01:09:30]} {[%emt 00:09:38]} Qh5 {[%clk 01:22:15]} {[%emt 00:01:36]}
11. Rh2 {[%clk 00:49:15]} {[%emt 00:20:45]} d5 {[%clk 01:17:34]} {[%emt
00:05:11]} 12. e5 {[%clk 00:22:55]} {[%emt 00:26:50]} Ne4 {[%clk 01:16:24]}
{[%emt 00:01:40]} 13. Be3 {[%clk 00:15:50]} {[%emt 00:07:35]} Re8 {[%clk
00:56:35]} {[%emt 00:20:19]} 14. g4 {[%clk 00:12:41]} {[%emt 00:03:40]} Bxg4
{[%clk 00:47:42]} {[%emt 00:09:23]} 15. hxg4 {[%clk 00:13:04]} {[%emt
00:00:07]} Qxg4 {[%clk 00:48:02]} {[%emt 00:00:10]} 16. Qe2 {[%clk 00:11:23]}
{[%emt 00:02:10]} Nb4 {[%clk 00:44:38]} {[%emt 00:03:55]} 17. a3 {[%clk
00:06:58]} {[%emt 00:04:55]} Qg3+ {[%clk 00:42:16]} {[%emt 00:02:51]} 18. Kd1
{[%clk 00:06:36]} {[%emt 00:00:51]} Nc6 {[%clk 00:39:34]} {[%emt 00:03:12]} 19.
Qg2 {[%clk 00:03:52]} {[%emt 00:03:13]} Qxg2 {[%clk 00:37:13]} {[%emt
00:02:52]} 20. Rxg2 {[%clk 00:04:16]} {[%emt 00:00:06]} f6 {[%clk 00:37:03]}
{[%emt 00:00:41]} 21. f5 {[%clk 00:03:07]} {[%emt 00:01:40]} g5 {[%clk
00:28:12]} {[%emt 00:09:20]} 22. e6 {[%clk 00:03:06]} {[%emt 00:00:31]} Red8
{[%clk 00:26:31]} {[%emt 00:02:12]} 23. Ke2 {[%clk 00:02:56]} {[%emt 00:00:39]}
h5 {[%clk 00:22:24]} {[%emt 00:04:37]} 24. Bxe4 {[%clk 00:02:09]} {[%emt
00:01:18]} dxe4 {[%clk 00:22:43]} {[%emt 00:00:11]} 25. Nxg5 {[%clk 00:02:18]}
{[%emt 00:00:20]} fxg5 {[%clk 00:22:15]} {[%emt 00:00:57]} 26. Rxg5 {[%clk
00:02:42]} {[%emt 00:00:07]} Ne5 {[%clk 00:19:49]} {[%emt 00:02:57]} 27. Rag1
{[%clk 00:01:57]} {[%emt 00:01:14]} Ng4 {[%clk 00:18:12]} {[%emt 00:02:07]} 28.
Rxh5 {[%clk 00:02:15]} {[%emt 00:00:13]} Nf6 {[%clk 00:16:31]} {[%emt
00:02:10]} 29. Rhg5 {[%clk 00:02:04]} {[%emt 00:00:40]} Ne8 {[%clk 00:16:59]}
{[%emt 00:00:02]} 30. Rg6 {[%clk 00:01:48]} {[%emt 00:00:47]} Rac8 {[%clk
00:15:23]} {[%emt 00:02:06]} 31. c3 {[%clk 00:01:35]} {[%emt 00:00:43]} Rc6
{[%clk 00:13:15]} {[%emt 00:02:39]} 32. Bh6 {[%clk 00:01:08]} {[%emt 00:00:56]}
Rcd6 {[%clk 00:13:31]} {[%emt 00:00:13]} 33. Bxg7 {[%clk 00:01:15]} {[%emt
00:00:24]} Rd2+ {[%clk 00:13:48]} {[%emt 00:00:14]} 34. Ke3 {[%clk 00:01:26]}
{[%emt 00:00:19]} R8d3+ {[%clk 00:11:48]} {[%emt 00:02:29]} 35. Kf4 {[%clk
00:01:32]} {[%emt 00:00:23]} Nxg7 {[%clk 00:10:07]} {[%emt 00:02:12]} 36. Rxg7+
{[%clk 00:01:58]} {[%emt 00:00:04]} Kh8 {[%clk 00:10:30]} {[%emt 00:00:07]} 37.
Kxe4 {[%clk 00:01:27]} {[%emt 00:01:01]} 1-0

[Event "ODJM A 2023"]
[Site "Willingen GER"]
[Date "2023.05.29"]
[Round "3"]
[White "Melde, Benjamin"]
[Black "Yelisieiev, Yevhenii"]
[Result "0-1"]
[Termination "normal"]
[Board "1"]
[BlackTitle "IM"]
[WhiteElo "2135"]
[BlackElo "2418"]
[WhiteClock "00:04:51"]
[BlackClock "00:19:31"]
[PlyCount "50"]
[WhiteFideId "12958816"]
[BlackFideId "14139642"]
[EventCountry "GER"]
[EventRounds "9"]
[EventType "swiss"]
[EventDate "2023.05.27"]

1. c4 {[%clk 01:30:25]} {[%emt 00:00:53]} e6 {[%clk 01:30:51]} {[%emt
00:00:11]} 2. g3 {[%clk 01:30:46]} {[%emt 00:00:07]} d5 {[%clk 01:31:14]}
{[%emt 00:00:05]} 3. Bg2 {[%clk 01:31:11]} {[%emt 00:00:05]} d4 {[%clk
01:31:30]} {[%emt 00:00:09]} 4. Nf3 {[%clk 01:31:33]} {[%emt 00:00:07]} Nc6
{[%clk 01:31:50]} {[%emt 00:00:05]} 5. O-O {[%clk 01:31:38]} {[%emt 00:00:16]}
Nf6 {[%clk 01:31:05]} {[%emt 00:01:15]} 6. e3 {[%clk 01:31:24]} {[%emt
00:00:45]} Bc5 {[%clk 01:31:26]} {[%emt 00:00:10]} 7. exd4 {[%clk 01:22:51]}
{[%emt 00:09:03]} Nxd4 {[%clk 01:31:42]} {[%emt 00:00:13]} 8. Nc3 {[%clk
01:21:18]} {[%emt 00:02:03]} O-O {[%clk 01:27:44]} {[%emt 00:04:27]} 9. d3
{[%clk 01:21:15]} {[%emt 00:00:34]} Re8 {[%clk 01:17:54]} {[%emt 00:10:20]} 10.
Re1 {[%clk 01:14:13]} {[%emt 00:07:33]} h6 {[%clk 01:09:21]} {[%emt 00:09:02]}
11. Ne5 {[%clk 01:12:42]} {[%emt 00:02:01]} a5 {[%clk 01:04:58]} {[%emt
00:04:53]} 12. Rb1 {[%clk 00:57:15]} {[%emt 00:15:57]} c6 {[%clk 00:40:21]}
{[%emt 00:25:07]} 13. Bf4 {[%clk 00:37:36]} {[%emt 00:20:09]} Bf8 {[%clk
00:36:34]} {[%emt 00:04:17]} 14. a3 {[%clk 00:37:01]} {[%emt 00:01:05]} Nd7
{[%clk 00:36:11]} {[%emt 00:00:53]} 15. Ne4 {[%clk 00:25:39]} {[%emt 00:11:52]}
f6 {[%clk 00:29:58]} {[%emt 00:06:43]} 16. Nxd7 {[%clk 00:22:56]} {[%emt
00:03:13]} Bxd7 {[%clk 00:29:21]} {[%emt 00:01:06]} 17. Bd6 {[%clk 00:22:25]}
{[%emt 00:01:01]} e5 {[%clk 00:27:39]} {[%emt 00:02:12]} 18. b4 {[%clk
00:14:38]} {[%emt 00:08:17]} axb4 {[%clk 00:24:53]} {[%emt 00:03:17]} 19. Rxb4
{[%clk 00:14:15]} {[%emt 00:00:53]} Bc8 {[%clk 00:23:16]} {[%emt 00:02:07]} 20.
Bxf8 {[%clk 00:14:40]} {[%emt 00:00:05]} Rxf8 {[%clk 00:23:15]} {[%emt
00:00:32]} 21. Ra4 {[%clk 00:13:28]} {[%emt 00:01:41]} Ra5 {[%clk 00:22:44]}
{[%emt 00:01:00]} 22. Rf1 {[%clk 00:10:55]} {[%emt 00:03:03]} Bg4 {[%clk
00:21:14]} {[%emt 00:02:00]} 23. Qxg4 {[%clk 00:11:06]} {[%emt 00:00:20]} Rxa4
{[%clk 00:21:29]} {[%emt 00:00:15]} 24. Nc5 {[%clk 00:07:11]} {[%emt 00:04:25]}
Rxa3 {[%clk 00:21:19]} {[%emt 00:00:40]} 25. Bh3 {[%clk 00:04:51]} {[%emt
00:02:50]} Qe7 {[%clk 00:19:31]} {[%emt 00:02:17]} 0-1

[Event "ODJM A 2023"]
[Site "Willingen GER"]
[Date "2023.05.29"]
[Round "3"]
[White "Kruse, Victor"]
[Black "Bold, André"]
[Result "1/2-1/2"]
[Termination "normal"]
[Board "2"]
[WhiteElo "1964"]
[BlackElo "2194"]
[WhiteClock "00:27:29"]
[BlackClock "00:39:39"]
[PlyCount "41"]
[WhiteFideId "16256964"]
[BlackFideId "16208471"]
[EventCountry "GER"]
[EventRounds "9"]
[EventType "swiss"]
[EventDate "2023.05.27"]

1. d4 {[%clk 01:30:54]} {[%emt 00:00:08]} Nf6 {[%clk 01:30:57]} {[%emt
00:00:06]} 2. c4 {[%clk 01:31:18]} {[%emt 00:00:10]} e6 {[%clk 01:31:24]}
{[%emt 00:00:04]} 3. Nf3 {[%clk 01:31:39]} {[%emt 00:00:15]} b6 {[%clk
01:31:51]} {[%emt 00:00:05]} 4. g3 {[%clk 01:31:20]} {[%emt 00:00:49]} Bb7
{[%clk 01:32:17]} {[%emt 00:00:02]} 5. Nc3 {[%clk 01:30:21]} {[%emt 00:01:12]}
Be7 {[%clk 01:32:43]} {[%emt 00:00:04]} 6. Bg2 {[%clk 01:30:12]} {[%emt
00:00:39]} O-O {[%clk 01:30:51]} {[%emt 00:02:23]} 7. O-O {[%clk 01:30:13]}
{[%emt 00:00:28]} Ne4 {[%clk 01:31:18]} {[%emt 00:00:04]} 8. Bd2 {[%clk
01:30:15]} {[%emt 00:00:28]} f5 {[%clk 01:31:43]} {[%emt 00:00:05]} 9. Ne5
{[%clk 01:27:44]} {[%emt 00:03:00]} Nxc3 {[%clk 01:23:33]} {[%emt 00:08:40]}
10. Bxc3 {[%clk 01:26:47]} {[%emt 00:01:28]} Bxg2 {[%clk 01:23:31]} {[%emt
00:00:31]} 11. Kxg2 {[%clk 01:27:11]} {[%emt 00:00:06]} Bf6 {[%clk 01:17:55]}
{[%emt 00:06:07]} 12. Nf3 {[%clk 01:11:22]} {[%emt 00:16:19]} d6 {[%clk
01:02:06]} {[%emt 00:16:19]} 13. Qd3 {[%clk 01:11:29]} {[%emt 00:00:22]} Qd7
{[%clk 01:00:05]} {[%emt 00:02:31]} 14. Rfe1 {[%clk 00:52:36]} {[%emt
00:19:23]} Nc6 {[%clk 00:55:14]} {[%emt 00:05:21]} 15. e4 {[%clk 00:45:36]}
{[%emt 00:07:30]} fxe4 {[%clk 00:52:36]} {[%emt 00:03:09]} 16. Qxe4 {[%clk
00:45:05]} {[%emt 00:01:01]} Rae8 {[%clk 00:52:37]} {[%emt 00:00:29]} 17. d5
{[%clk 00:39:24]} {[%emt 00:06:11]} Nd8 {[%clk 00:44:35]} {[%emt 00:08:31]} 18.
Bxf6 {[%clk 00:37:54]} {[%emt 00:02:00]} Rxf6 {[%clk 00:45:00]} {[%emt
00:00:05]} 19. Ng5 {[%clk 00:27:22]} {[%emt 00:11:03]} Rg6 {[%clk 00:44:58]}
{[%emt 00:00:32]} 20. h4 {[%clk 00:27:10]} {[%emt 00:00:42]} e5 {[%clk
00:39:39]} {[%emt 00:05:49]} 21. f4 {[%clk 00:27:29]} {[%emt 00:00:11]} 1/2-1/2

[Event "ODJM A 2023"]
[Site "Willingen GER"]
[Date "2023.05.29"]
[Round "3"]
[White "Stemmler, Fabian"]
[Black "Hofmann, Lorenz"]
[Result "1/2-1/2"]
[Termination "normal"]
[Board "3"]
[WhiteElo "2084"]
[BlackElo "2061"]
[WhiteClock "01:31:09"]
[BlackClock "01:31:23"]
[PlyCount "84"]
[WhiteFideId "12964808"]
[BlackFideId "12995509"]
[EventCountry "GER"]
[EventRounds "9"]
[EventType "swiss"]
[EventDate "2023.05.27"]

1. e4 {[%clk 01:30:57]} {[%emt 00:00:03]} c6 {[%clk 01:30:57]} {[%emt
00:00:05]} 2. d4 {[%emt 00:00:30]} d5 3. e5 c5 4. Nf3 Bg4 5. dxc5 Nc6 6. c3
Bxf3 7. Qxf3 e6 8. Be3 Nxe5 9. Bb5+ {[%clk 01:31:09]} Nc6 {[%clk 01:31:23]} 10.
b4 {[%clk 01:31:09]} Be7 {[%clk 01:31:23]} 11. O-O {[%clk 01:31:09]} Bf6 {[%clk
01:31:23]} 12. a4 {[%clk 01:31:09]} Nge7 {[%clk 01:31:23]} 13. Rc1 {[%clk
01:31:09]} O-O {[%clk 01:31:23]} 14. Nd2 {[%clk 01:31:09]} a6 {[%clk 01:31:23]}
15. Bxc6 {[%clk 01:31:09]} bxc6 {[%clk 01:31:23]} 16. Rab1 {[%clk 01:31:09]}
Qd7 {[%clk 01:31:23]} 17. Nb3 {[%clk 01:31:09]} Ng6 {[%clk 01:31:23]} 18. Qe2
{[%clk 01:31:09]} Rfe8 {[%clk 01:31:23]} 19. c4 {[%clk 01:31:09]} Ne5 {[%clk
01:31:23]} 20. cxd5 {[%clk 01:31:09]} exd5 {[%clk 01:31:23]} 21. Qd1 {[%clk
01:31:09]} Re7 {[%clk 01:31:23]} 22. Bd4 {[%clk 01:31:09]} Rae8 {[%clk
01:31:23]} 23. Bxe5 {[%clk 01:31:09]} Rxe5 {[%clk 01:31:23]} 24. Qd3 {[%clk
01:31:09]} Qc8 {[%clk 01:31:23]} 25. Nd4 {[%clk 01:31:09]} Re4 {[%clk
01:31:23]} 26. Nf3 {[%clk 01:31:09]} a5 {[%clk 01:31:23]} 27. b5 {[%clk
01:31:09]} Rxa4 {[%clk 01:31:23]} 28. bxc6 {[%clk 01:31:09]} Qxc6 {[%clk
01:31:23]} 29. Rb6 {[%clk 01:31:09]} Qc8 {[%clk 01:31:23]} 30. c6 {[%clk
01:31:09]} Rc4 {[%clk 01:31:23]} 31. Rxc4 {[%clk 01:31:09]} dxc4 {[%clk
01:31:23]} 32. Qxc4 {[%clk 01:31:09]} Bd8 {[%clk 01:31:23]} 33. Rb1 {[%clk
01:31:09]} Qf5 {[%clk 01:31:23]} 34. Rd1 {[%clk 01:31:09]} Bc7 {[%clk
01:31:23]} 35. Qd3 {[%clk 01:31:09]} Qxd3 {[%clk 01:31:23]} 36. Rxd3 {[%clk
01:31:09]} Kf8 {[%clk 01:31:23]} 37. Kf1 {[%clk 01:31:09]} Re6 {[%clk
01:31:23]} 38. Nd4 {[%clk 01:31:09]} Rd6 {[%clk 01:31:23]} 39. Ke2 {[%clk
01:31:09]} Bb6 {[%clk 01:31:23]} 40. Rb3 {[%clk 01:31:09]} Rxd4 {[%clk
01:31:23]} 41. Rxb6 {[%clk 01:31:09]} Ke7 {[%clk 01:31:23]} 42. Rb5 {[%clk
01:31:09]} Rc4 {[%clk 01:31:23]} 1/2-1/2

[Event "ODJM A 2023"]
[Site "Willingen GER"]
[Date "2023.05.29"]
[Round "3"]
[White "Sabirov, Rafael"]
[Black "Astner, Sebastian"]
[Result "1-0"]
[Termination "normal"]
[Board "4"]
[WhiteElo "2089"]
[BlackElo "1897"]
[WhiteClock "00:08:21"]
[BlackClock "00:19:12"]
[PlyCount "53"]
[WhiteFideId "16241185"]
[BlackFideId "12979422"]
[EventCountry "GER"]
[EventRounds "9"]
[EventType "swiss"]
[EventDate "2023.05.27"]

1. e4 {[%clk 01:30:59]} {[%emt 01:23:14]} c6 {[%clk 01:30:51]} {[%emt
00:00:14]} 2. d4 {[%clk 01:31:25]} {[%emt 00:00:07]} d5 {[%clk 01:31:18]}
{[%emt 00:00:06]} 3. f3 {[%clk 01:31:51]} {[%emt 00:00:06]} dxe4 {[%clk
01:31:02]} {[%emt 00:00:53]} 4. fxe4 {[%clk 01:32:16]} {[%emt 00:00:04]} e5
{[%clk 01:31:19]} {[%emt 00:00:10]} 5. Nf3 {[%clk 01:32:41]} {[%emt 00:00:04]}
exd4 {[%clk 01:30:16]} {[%emt 00:01:20]} 6. Bc4 {[%clk 01:32:55]} {[%emt
00:00:15]} Nf6 {[%clk 01:14:15]} {[%emt 00:16:32]} 7. Ng5 {[%clk 01:20:23]}
{[%emt 00:13:02]} Be6 {[%clk 01:12:33]} {[%emt 00:02:11]} 8. Bxe6 {[%clk
01:19:31]} {[%emt 00:01:22]} fxe6 {[%clk 01:12:56]} {[%emt 00:00:08]} 9. O-O
{[%clk 01:18:02]} {[%emt 00:01:57]} e5 {[%clk 01:11:34]} {[%emt 00:01:53]} 10.
c3 {[%clk 01:12:26]} {[%emt 00:06:06]} Bc5 {[%clk 01:02:19]} {[%emt 00:09:45]}
11. Ne6 {[%clk 00:52:41]} {[%emt 00:20:15]} Qe7 {[%clk 01:01:36]} {[%emt
00:01:13]} 12. Qb3 {[%clk 00:51:42]} {[%emt 00:01:29]} Bb6 {[%clk 00:49:43]}
{[%emt 00:12:24]} 13. cxd4 {[%clk 00:43:33]} {[%emt 00:08:38]} exd4 {[%clk
00:48:26]} {[%emt 00:01:47]} 14. Bg5 {[%clk 00:39:34]} {[%emt 00:04:28]} Nbd7
{[%clk 00:40:49]} {[%emt 00:08:09]} 15. e5 {[%clk 00:38:36]} {[%emt 00:01:27]}
d3+ {[%clk 00:37:13]} {[%emt 00:04:06]} 16. Kh1 {[%clk 00:38:53]} {[%emt
00:00:12]} Nxe5 {[%clk 00:37:09]} {[%emt 00:00:35]} 17. Nxg7+ {[%clk 00:32:36]}
{[%emt 00:06:46]} Kd7 {[%clk 00:36:04]} {[%emt 00:01:36]} 18. Nh5 {[%clk
00:25:23]} {[%emt 00:07:43]} Rhf8 {[%clk 00:32:34]} {[%emt 00:04:00]} 19. Nxf6+
{[%clk 00:19:10]} {[%emt 00:06:43]} Rxf6 {[%clk 00:31:38]} {[%emt 00:01:27]}
20. Rxf6 {[%clk 00:13:36]} {[%emt 00:06:03]} h6 {[%clk 00:23:33]} {[%emt
00:08:36]} 21. Bh4 {[%clk 00:10:57]} {[%emt 00:03:08]} Rf8 {[%clk 00:19:10]}
{[%emt 00:04:53]} 22. Rxf8 {[%clk 00:10:31]} {[%emt 00:00:56]} Qxf8 {[%clk
00:19:36]} {[%emt 00:00:04]} 23. Nd2 {[%clk 00:07:45]} {[%emt 00:03:16]} Qf4
{[%clk 00:18:07]} {[%emt 00:02:00]} 24. Bg3 {[%clk 00:07:58]} {[%emt 00:00:16]}
Qxd2 {[%clk 00:18:33]} {[%emt 00:00:04]} 25. Bxe5 {[%clk 00:08:17]} {[%emt
00:00:11]} Qe2 {[%clk 00:18:48]} {[%emt 00:00:16]} 26. Qf7+ {[%clk 00:08:16]}
{[%emt 00:00:30]} Kd8 {[%clk 00:19:12]} {[%emt 00:00:06]} 27. Bf6+ {[%clk
00:08:21]} {[%emt 00:00:24]} 1-0

[Event "ODJM A 2023"]
[Site "Willingen GER"]
[Date "2023.05.29"]
[Round "3"]
[White "Deschler, Arne"]
[Black "Weidemann, Jakob"]
[Result "0-1"]
[Termination "normal"]
[Board "5"]
[WhiteElo "1767"]
[BlackElo "2125"]
[WhiteClock "00:10:52"]
[BlackClock "00:41:13"]
[PlyCount "72"]
[WhiteFideId "16274415"]
[BlackFideId "16255470"]
[EventCountry "GER"]
[EventRounds "9"]
[EventType "swiss"]
[EventDate "2023.05.27"]

1. e4 {[%clk 01:30:59]} {[%emt 00:00:02]} c5 {[%clk 01:30:51]} {[%emt
00:00:13]} 2. Nf3 {[%clk 01:31:25]} {[%emt 00:00:07]} e6 {[%clk 01:31:08]}
{[%emt 00:00:20]} 3. d4 {[%clk 01:31:52]} {[%emt 00:00:05]} cxd4 {[%clk
01:31:26]} {[%emt 00:00:16]} 4. Nxd4 {[%clk 01:32:19]} {[%emt 00:00:06]} Nf6
{[%clk 01:31:41]} {[%emt 00:00:14]} 5. Nc3 {[%clk 01:32:44]} {[%emt 00:00:03]}
Nc6 {[%clk 01:32:01]} {[%emt 00:00:08]} 6. Nxc6 {[%clk 01:33:10]} {[%emt
00:00:03]} bxc6 {[%clk 01:32:18]} {[%emt 00:00:08]} 7. e5 {[%clk 01:33:37]}
{[%emt 00:00:04]} Nd5 {[%clk 01:32:35]} {[%emt 00:00:07]} 8. Ne4 {[%clk
01:34:04]} Qc7 {[%clk 01:32:55]} {[%emt 00:00:05]} 9. f4 {[%clk 01:34:30]}
{[%emt 00:00:04]} Qb6 {[%clk 01:33:15]} {[%emt 00:00:10]} 10. c4 {[%clk
01:34:56]} {[%emt 00:00:05]} Bb4+ {[%clk 01:33:32]} {[%emt 00:00:12]} 11. Ke2
{[%clk 01:34:48]} {[%emt 00:00:37]} f5 {[%clk 01:33:52]} {[%emt 00:00:10]} 12.
Nf2 {[%clk 01:34:34]} {[%emt 00:00:45]} Ba6 {[%clk 01:34:03]} {[%emt 00:00:18]}
13. Kf3 {[%clk 01:33:50]} {[%emt 00:01:13]} Ne7 {[%clk 01:34:24]} {[%emt
00:00:10]} 14. Be3 {[%clk 01:33:44]} {[%emt 00:00:36]} Bc5 {[%clk 01:34:46]}
{[%emt 00:00:08]} 15. Bxc5 {[%clk 01:34:11]} {[%emt 00:00:04]} Qxc5 {[%clk
01:35:05]} {[%emt 00:00:11]} 16. Qd6 {[%clk 01:34:33]} {[%emt 00:00:07]} Qb6
{[%clk 01:35:28]} {[%emt 00:00:06]} 17. b3 {[%clk 01:34:55]} {[%emt 00:00:08]}
c5 {[%clk 01:35:44]} {[%emt 00:00:14]} 18. Rd1 {[%clk 01:30:42]} {[%emt
00:04:43]} Bb7+ {[%clk 01:35:59]} {[%emt 00:00:17]} 19. Kg3 {[%clk 01:30:32]}
{[%emt 00:00:40]} Qxd6 {[%clk 01:36:19]} {[%emt 00:00:09]} 20. exd6 {[%clk
01:30:37]} {[%emt 00:00:26]} Ng8 {[%clk 01:36:28]} {[%emt 00:00:20]} 21. Nd3
{[%clk 01:27:25]} {[%emt 00:03:42]} Rc8 {[%clk 01:35:51]} {[%emt 00:01:07]} 22.
Be2 {[%clk 01:27:36]} {[%emt 00:00:19]} Nf6 {[%clk 01:35:30]} {[%emt 00:00:50]}
23. Bf3 {[%clk 01:24:38]} {[%emt 00:03:29]} Bxf3 {[%clk 01:33:08]} {[%emt
00:02:51]} 24. Kxf3 {[%clk 01:23:29]} {[%emt 00:01:39]} Rc6 {[%clk 01:31:44]}
{[%emt 00:01:54]} 25. Ne5 {[%clk 01:16:49]} {[%emt 00:07:10]} Ra6 {[%clk
01:31:50]} {[%emt 00:00:25]} 26. a4 {[%clk 01:02:33]} {[%emt 00:14:47]} Rb6
{[%clk 01:23:12]} {[%emt 00:09:08]} 27. Rd3 {[%clk 01:00:14]} {[%emt 00:02:48]}
a5 {[%clk 01:22:57]} {[%emt 00:00:47]} 28. Re1 {[%clk 00:59:10]} {[%emt
00:01:33]} O-O {[%clk 01:13:05]} {[%emt 00:10:21]} 29. Ree3 {[%clk 00:46:21]}
{[%emt 00:13:19]} g6 {[%clk 00:51:11]} {[%emt 00:22:25]} 30. h3 {[%clk
00:32:24]} {[%emt 00:14:26]} Kg7 {[%clk 00:47:32]} {[%emt 00:04:09]} 31. Ke2
{[%clk 00:22:24]} {[%emt 00:10:31]} Rb7 {[%clk 00:42:46]} {[%emt 00:05:16]} 32.
Nf3 {[%clk 00:20:43]} {[%emt 00:02:11]} Nh5 {[%clk 00:41:30]} {[%emt 00:01:46]}
33. Re5 {[%clk 00:10:52]} {[%emt 00:10:22]} Nxf4+ {[%clk 00:41:43]} {[%emt
00:00:17]} 34. Ke3 {[%clk 00:11:15]} {[%emt 00:00:06]} Nxd3 {[%clk 00:42:01]}
{[%emt 00:00:12]} 35. Kxd3 {[%clk 00:11:43]} {[%emt 00:00:03]} Rc8 {[%clk
00:41:26]} {[%emt 00:01:03]} 36. Kc2 {[%clk 00:10:52]} {[%emt 00:01:23]} Rb6
{[%clk 00:41:13]} {[%emt 00:00:42]} 0-1

[Event "ODJM A 2023"]
[Site "Willingen GER"]
[Date "2023.05.29"]
[Round "3"]
[White "Sabirov, Ramil"]
[Black "Schulz, Jannis"]
[Result "1-0"]
[Termination "normal"]
[Board "7"]
[WhiteElo "2109"]
[BlackElo "1802"]
[WhiteClock "00:10:29"]
[BlackClock "00:03:04"]
[PlyCount "73"]
[WhiteFideId "12900303"]
[BlackFideId "16224710"]
[EventCountry "GER"]
[EventRounds "9"]
[EventType "swiss"]
[EventDate "2023.05.27"]

1. e4 {[%clk 01:30:57]} {[%emt 00:00:04]} c6 {[%clk 01:30:57]} {[%emt
00:00:03]} 2. Nc3 {[%clk 01:31:23]} {[%emt 00:00:08]} d5 {[%clk 01:31:20]}
{[%emt 00:00:11]} 3. Nf3 {[%clk 01:31:48]} {[%emt 00:00:09]} Bg4 {[%clk
01:31:22]} {[%emt 00:00:36]} 4. h3 {[%clk 01:32:14]} {[%emt 00:00:06]} Bxf3
{[%clk 01:31:23]} {[%emt 00:00:21]} 5. Qxf3 {[%clk 01:32:39]} {[%emt 00:00:03]}
e6 {[%clk 01:30:58]} {[%emt 00:00:39]} 6. g3 {[%clk 01:33:05]} {[%emt
00:00:05]} Nd7 {[%clk 01:31:08]} {[%emt 00:00:21]} 7. d4 {[%clk 01:33:10]}
{[%emt 00:00:24]} dxe4 {[%clk 01:31:05]} {[%emt 00:00:32]} 8. Nxe4 {[%clk
01:31:19]} {[%emt 00:02:22]} Ngf6 {[%clk 01:28:03]} {[%emt 00:03:33]} 9. Bg2
{[%clk 01:26:41]} {[%emt 00:05:08]} Be7 {[%clk 01:23:10]} {[%emt 00:05:21]} 10.
O-O {[%clk 01:26:07]} {[%emt 00:01:05]} O-O {[%clk 01:22:05]} {[%emt 00:01:35]}
11. Qb3 {[%clk 01:12:52]} {[%emt 00:13:46]} Nb6 {[%clk 01:04:39]} {[%emt
00:17:55]} 12. Be3 {[%clk 00:54:48]} {[%emt 00:18:34]} Nxe4 {[%clk 00:58:28]}
{[%emt 00:06:41]} 13. Bxe4 {[%clk 00:54:59]} {[%emt 00:00:19]} Bf6 {[%clk
00:57:58]} {[%emt 00:00:59]} 14. Rad1 {[%clk 00:53:39]} {[%emt 00:01:51]} Qe7
{[%clk 00:55:49]} {[%emt 00:02:38]} 15. c4 {[%clk 00:50:10]} {[%emt 00:04:00]}
Rad8 {[%clk 00:54:06]} {[%emt 00:02:12]} 16. Rfe1 {[%clk 00:38:23]} {[%emt
00:12:18]} Nc8 {[%clk 00:42:43]} {[%emt 00:11:53]} 17. Bg2 {[%clk 00:34:27]}
{[%emt 00:04:25]} Rfe8 {[%clk 00:40:44]} {[%emt 00:02:29]} 18. Kh2 {[%clk
00:26:44]} {[%emt 00:08:13]} Qc7 {[%clk 00:39:31]} {[%emt 00:01:44]} 19. d5
{[%clk 00:24:11]} {[%emt 00:03:03]} exd5 {[%clk 00:33:24]} {[%emt 00:06:37]}
20. cxd5 {[%clk 00:24:28]} {[%emt 00:00:13]} c5 {[%clk 00:11:38]} {[%emt
00:22:16]} 21. Qb5 {[%clk 00:22:48]} {[%emt 00:02:10]} Be7 {[%clk 00:09:26]}
{[%emt 00:02:43]} 22. Rc1 {[%clk 00:14:12]} {[%emt 00:09:05]} b6 {[%clk
00:09:05]} {[%emt 00:00:51]} 23. Bf4 {[%clk 00:14:27]} {[%emt 00:00:16]} Nd6
{[%clk 00:08:48]} {[%emt 00:00:47]} 24. Qc6 {[%clk 00:14:49]} {[%emt 00:00:07]}
Qxc6 {[%clk 00:06:37]} {[%emt 00:02:41]} 25. dxc6 {[%clk 00:15:15]} {[%emt
00:00:05]} Bf8 {[%clk 00:05:15]} {[%emt 00:01:52]} 26. c7 {[%clk 00:11:25]}
{[%emt 00:04:21]} Rc8 {[%clk 00:05:28]} {[%emt 00:00:16]} 27. Rxe8 {[%clk
00:10:08]} {[%emt 00:01:47]} Nxe8 {[%clk 00:02:44]} {[%emt 00:03:13]} 28. Bb7
{[%clk 00:10:28]} {[%emt 00:00:10]} Rxc7 {[%clk 00:03:09]} {[%emt 00:00:05]}
29. Bxc7 {[%clk 00:10:55]} {[%emt 00:00:04]} Nxc7 {[%clk 00:03:35]} {[%emt
00:00:04]} 30. Rd1 {[%clk 00:10:58]} {[%emt 00:00:28]} b5 {[%clk 00:02:13]}
{[%emt 00:01:51]} 31. Rd7 {[%clk 00:10:58]} {[%emt 00:00:31]} Ne6 {[%clk
00:02:38]} {[%emt 00:00:04]} 32. Bd5 {[%clk 00:11:20]} {[%emt 00:00:09]} a5
{[%clk 00:03:05]} {[%emt 00:00:05]} 33. b3 {[%clk 00:10:20]} {[%emt 00:01:29]}
a4 {[%clk 00:02:39]} {[%emt 00:00:56]} 34. bxa4 {[%clk 00:09:55]} {[%emt
00:00:55]} bxa4 {[%clk 00:03:05]} {[%emt 00:00:04]} 35. Bxe6 {[%clk 00:09:44]}
{[%emt 00:00:41]} fxe6 {[%clk 00:03:28]} {[%emt 00:00:06]} 36. Ra7 {[%clk
00:10:11]} {[%emt 00:00:03]} h6 {[%clk 00:03:04]} {[%emt 00:00:54]} 37. Kg2
{[%clk 00:10:29]} {[%emt 00:00:12]} 1-0